[Event "DVM U16 2024"]
[Site "Sebnitz GER"]
[Date "2024.12.27"]
[Round "2"]
[White "Semling, Julius"]
[Black "Fruth, David"]
[Result "1-0"]
[Termination "normal"]
[Board "1.1"]
[WhiteElo "2213"]
[BlackElo "2132"]
[WhiteTeam "OSG Baden-Baden"]
[BlackTeam "USV TU Dresden"]
[PlyCount "133"]
[WhiteFideId "16290160"]
[BlackFideId "16257596"]
[EventCountry "GER"]
[EventRounds "7"]
[EventType "team-swiss"]
[EventDate "2024.12.26"]

1. e4 c5 2. Nf3 Nc6 3. d4 cxd4 4. Nxd4 g6 5. c4 Nf6 6. Nc3 d6 7. Be2 Nxd4 8.
Qxd4 Bg7 9. Be3 O-O 10. Qd3 a5 11. O-O a4 12. Bd4 Bd7 13. f4 Bc6 14. b4 axb3
15. axb3 Ra6 16. b4 Qa8 17. Rxa6 bxa6 18. Bf3 Nd7 19. Bxg7 Kxg7 20. Qd4+ f6 21.
Ra1 Qc8 22. Bg4 Bb7 23. Nd5 Bxd5 24. exd5 Qb7 25. Bxd7 Qxd7 26. Rxa6 Qb7 27. b5
Ra8 28. Qa1 Rc8 29. Qa4 Qd7 30. Ra7 Qd8 31. Kf1 Kf8 32. Qa6 Kf7 33. b6 Rb8 34.
b7 Qd7 35. Qb6 Qg4 36. Qe3 Qd1+ 37. Kf2 Qc2+ 38. Qe2 Qc1 39. g3 Qb1 40. Qe6+
Kf8 41. Kg2 h5 42. c5 dxc5 43. d6 exd6 44. Qxd6+ Kg7 45. Qe7+ Kh6 46. Qxf6 Qc2+
47. Kh3 Qe2 48. Qg5+ Kh7 49. f5 gxf5 50. Qxf5+ Kh6 51. Qf6+ Kh7 52. Qf5+ Kh6
53. Ra8 Qg4+ 54. Qxg4 hxg4+ 55. Kxg4 Rxb7 56. Ra6+ Kg7 57. Rc6 Rb2 58. h4 Rc2
59. Kg5 c4 60. Rc7+ Kg8 61. g4 c3 62. Kg6 Kf8 63. h5 Rg2 64. g5 c2 65. h6 Ke8
66. h7 Rh2 67. Rxc2 1-0

[Event "DVM U16 2024"]
[Site "Sebnitz GER"]
[Date "2024.12.27"]
[Round "2"]
[White "Marynychenko, Yehor"]
[Black "Semling, Johannes"]
[Result "1/2-1/2"]
[Termination "normal"]
[Board "1.2"]
[WhiteElo "2063"]
[BlackElo "2180"]
[WhiteTeam "USV TU Dresden"]
[BlackTeam "OSG Baden-Baden"]
[PlyCount "40"]
[WhiteFideId "34160558"]
[BlackFideId "16290151"]
[EventCountry "GER"]
[EventRounds "7"]
[EventType "team-swiss"]
[EventDate "2024.12.26"]

1. e4 c5 2. c3 Nf6 3. e5 Nd5 4. d4 cxd4 5. cxd4 d6 6. Nf3 Nc6 7. Bc4 dxe5 8.
dxe5 Be6 9. O-O Nc7 10. Bxe6 Nxe6 11. Qb3 Qb6 12. Qxb6 axb6 13. Nc3 g6 14. Be3
Bg7 15. Bxb6 Nxe5 16. Nxe5 Bxe5 17. Rfe1 Bxc3 18. bxc3 O-O 19. Be3 Rfc8 20.
Rab1 Rc7 1/2-1/2

[Event "DVM U16 2024"]
[Site "Sebnitz GER"]
[Date "2024.12.27"]
[Round "2"]
[White "Sato, Kai Nathan"]
[Black "Büttner, Anton"]
[Result "0-1"]
[Termination "normal"]
[Board "1.4"]
[WhiteElo "1679"]
[BlackElo "1879"]
[WhiteTeam "USV TU Dresden"]
[BlackTeam "OSG Baden-Baden"]
[PlyCount "128"]
[WhiteFideId "34605630"]
[BlackFideId "16292081"]
[EventCountry "GER"]
[EventRounds "7"]
[EventType "team-swiss"]
[EventDate "2024.12.26"]

1. e4 e5 2. Nf3 Nc6 3. Bc4 Bc5 4. c3 d6 5. d3 Nf6 6. h3 O-O 7. O-O h6 8. Be3
Bb6 9. Nbd2 Be6 10. Bxb6 axb6 11. Re1 Nh7 12. d4 exd4 13. Nxd4 Nxd4 14. cxd4 d5
15. Bb3 dxe4 16. Bxe6 fxe6 17. Nxe4 Nf6 18. Nc3 Qd7 19. Qb3 Rae8 20. Rad1 Qf7
21. Rd2 Nd5 22. Nxd5 exd5 23. Re3 Rxe3 24. Qxe3 Re8 25. Qg3 c6 26. a3 Qe7 27.
Rd3 Qf7 28. Rf3 Qd7 29. Re3 Rxe3 30. Qxe3 Kf8 31. Qf4+ Ke8 32. Qe5+ Qe7 33.
Qb8+ Kf7 34. Qf4+ Kg6 35. Qg4+ Qg5 36. Qe6+ Kh7 37. Qf7 Qg6 38. Qd7 Qe4 39. Qf7
Qxd4 40. Qf5+ g6 41. Qd7+ Qg7 42. Qc8 Qe7 43. b4 d4 44. Qg4 c5 45. bxc5 bxc5
46. h4 h5 47. Qf4 d3 48. g4 hxg4 49. h5 Qd7 50. hxg6+ Kxg6 51. Qe4+ Kf6 52.
Qf4+ Ke7 53. Qe5+ Kd8 54. Qb8+ Ke7 55. Qe5+ Kf7 56. Qf4+ Kg6 57. Qe4+ Qf5 58.
Qe8+ Kh6 59. Qh8+ Kg5 60. Qg7+ Kf4 61. Qc7+ Kf3 62. Qxb7+ Ke2 63. Qb1 Qxf2+ 64.
Kh1 Qf1+ 0-1

[Event "DVM U16 2024"]
[Site "Sebnitz GER"]
[Date "2024.12.27"]
[Round "2"]
[White "Nunez Grégoire, Daniel"]
[Black "Malinowsky, Levi"]
[Result "0-1"]
[Termination "normal"]
[Board "2.1"]
[BlackTitle "CM"]
[WhiteElo "2041"]
[BlackElo "2190"]
[WhiteTeam "Stuttgarter SF 1879"]
[BlackTeam "Lübecker SV 1873"]
[PlyCount "80"]
[WhiteFideId "34627103"]
[BlackFideId "16253094"]
[EventCountry "GER"]
[EventRounds "7"]
[EventType "team-swiss"]
[EventDate "2024.12.26"]

1. d4 Nf6 2. Nf3 g6 3. e3 Bg7 4. c4 O-O 5. Be2 c5 6. O-O cxd4 7. Nxd4 Nc6 8.
Nc3 d5 9. cxd5 Nxd5 10. Nxd5 Qxd5 11. Bf3 Qc5 12. Nxc6 bxc6 13. Qa4 Be6 14. Be2
Rab8 15. Bd3 Rfd8 16. Qc2 Qxc2 17. Bxc2 Bxb2 18. Bxb2 Rxb2 19. Bb3 Rdd2 20.
Bxe6 fxe6 21. Rac1 Rbc2 22. Rxc2 Rxc2 23. Ra1 a5 24. g3 Kf7 25. Rb1 Ke8 26. a4
Ra2 27. Rc1 Kd7 28. Rc4 e5 29. Kg2 Kd6 30. Rc3 Rxa4 31. Rd3+ Kc7 32. Rc3 Rb4
33. Rc5 Rb5 34. Rc4 Kb6 35. Rh4 h5 36. Re4 Rb4 37. Rxe5 a4 38. Rxe7 a3 39. Re8
Ra4 40. Rb8+ Kc5 0-1

[Event "DVM U16 2024"]
[Site "Sebnitz GER"]
[Date "2024.12.27"]
[Round "2"]
[White "Sommer, Justus"]
[Black "Gotfried, Elias"]
[Result "1/2-1/2"]
[Termination "normal"]
[Board "2.2"]
[WhiteElo "2128"]
[BlackElo "1968"]
[WhiteTeam "Lübecker SV 1873"]
[BlackTeam "Stuttgarter SF 1879"]
[PlyCount "86"]
[WhiteFideId "16245008"]
[BlackFideId "34630171"]
[EventCountry "GER"]
[EventRounds "7"]
[EventType "team-swiss"]
[EventDate "2024.12.26"]

1. e4 e6 2. d4 d5 3. Nc3 Bb4 4. Nge2 Nf6 5. Bg5 dxe4 6. a3 Be7 7. Bxf6 gxf6 8.
Nxe4 f5 9. N4c3 c6 10. Qd2 Nd7 11. g3 Nb6 12. Nf4 Bg5 13. h4 Bh6 14. Nce2 Nd5
15. Bg2 Rg8 16. Bxd5 cxd5 17. Qb4 Bf8 18. Qb3 Qc7 19. O-O-O Qc4 20. Rd3 b6 21.
Re1 Ba6 22. Kb1 Kd7 23. Qxc4 Bxc4 24. Rdd1 Rc8 25. Nd3 Bxd3 26. Rxd3 Bd6 27. f4
b5 28. Nc1 a5 29. Re2 Rc4 30. b3 Rc6 31. Kb2 b4 32. a4 Rgc8 33. Rde3 h5 34. Nd3
Rc3 35. Nc1 Be7 36. Na2 R3c6 37. Rd3 Bf6 38. Nc1 Rc3 39. Red2 Rxd3 40. Rxd3 Rc3
41. Ne2 Rxd3 42. cxd3 Be7 43. Kc2 Bf6 1/2-1/2

[Event "DVM U16 2024"]
[Site "Sebnitz GER"]
[Date "2024.12.27"]
[Round "2"]
[White "Goldinov, Daniel"]
[Black "Engels, Ruben"]
[Result "1/2-1/2"]
[Termination "normal"]
[Board "2.3"]
[WhiteElo "1925"]
[BlackElo "1902"]
[WhiteTeam "Stuttgarter SF 1879"]
[BlackTeam "Lübecker SV 1873"]
[PlyCount "86"]
[WhiteFideId "34605649"]
[BlackFideId "34612939"]
[EventCountry "GER"]
[EventRounds "7"]
[EventType "team-swiss"]
[EventDate "2024.12.26"]

1. e4 e5 2. Nf3 Nf6 3. Nc3 Nc6 4. d4 exd4 5. Nxd4 Bb4 6. Nxc6 bxc6 7. Bd3 d5 8.
exd5 O-O 9. O-O Bg4 10. f3 Bh5 11. Bg5 Bxc3 12. bxc3 Qd6 13. c4 Rad8 14. Kh1
cxd5 15. cxd5 Qxd5 16. Qd2 Bg6 17. Rfd1 Bxd3 18. Qxd3 Qxd3 19. cxd3 Rd5 20. Be3
Ra5 21. Rdc1 Rc8 22. Rc2 Nd5 23. Rc5 Rxc5 24. Bxc5 a6 25. g3 Rb8 26. Re1 f6 27.
Re2 Kf7 28. Kg2 g5 29. Kf2 Rb1 30. Rc2 Rh1 31. Ke2 Rxh2+ 32. Bf2 c5 33. Rxc5
Nb4 34. Rc7+ Kg6 35. d4 Rh1 36. a3 Nd5 37. Rc5 Nb6 38. Rc6 Rb1 39. Be1 Rb3 40.
Bb4 Nd5 41. Rxa6 Nxb4 42. axb4 Rxb4 43. Ke3 Rb1 1/2-1/2

[Event "DVM U16 2024"]
[Site "Sebnitz GER"]
[Date "2024.12.27"]
[Round "2"]
[White "Hellenbroich, Hanno"]
[Black "Babaian, Bagrat"]
[Result "1/2-1/2"]
[Termination "normal"]
[Board "2.4"]
[WhiteElo "1771"]
[BlackElo "1763"]
[WhiteTeam "Lübecker SV 1873"]
[BlackTeam "Stuttgarter SF 1879"]
[PlyCount "40"]
[WhiteFideId "16270762"]
[BlackFideId "34107428"]
[EventCountry "GER"]
[EventRounds "7"]
[EventType "team-swiss"]
[EventDate "2024.12.26"]

1. e4 c5 2. Nf3 e6 3. d4 cxd4 4. Nxd4 Nf6 5. Qf3 Qa5+ 6. Nc3 Nc6 7. Nxc6 bxc6
8. Bd2 Bb4 9. a3 Ba6 10. Bd3 Bxd3 11. Qxd3 d5 12. O-O dxe4 13. Nxe4 Bxd2 14.
Qxd2 Qxd2 15. Nxd2 Ke7 16. Nb3 Rhd8 17. Rad1 Rd5 18. Rd4 Rad8 19. Rfd1 e5 20.
Rxd5 cxd5 1/2-1/2

[Event "DVM U16 2024"]
[Site "Sebnitz GER"]
[Date "2024.12.27"]
[Round "2"]
[White "Haubold, Sebastian"]
[Black "Torosyan, Bagrat"]
[Result "1-0"]
[Termination "normal"]
[Board "3.1"]
[WhiteElo "2163"]
[BlackElo "2153"]
[WhiteTeam "USC Magdeburg"]
[BlackTeam "TSG Oberschöneweide"]
[PlyCount "103"]
[WhiteFideId "16259637"]
[BlackFideId "16258134"]
[EventCountry "GER"]
[EventRounds "7"]
[EventType "team-swiss"]
[EventDate "2024.12.26"]

1. e4 e5 2. Nf3 Nc6 3. Bb5 a6 4. Ba4 Nf6 5. O-O Nxe4 6. d4 b5 7. Bb3 d5 8. dxe5
Be6 9. Be3 Be7 10. c3 O-O 11. Nbd2 f5 12. exf6 Nxf6 13. Ng5 Qd7 14. Nde4 Rad8
15. Nxe6 Qxe6 16. Nc5 Bxc5 17. Bxc5 Rfe8 18. Re1 Qxe1+ 19. Qxe1 Rxe1+ 20. Rxe1
Na5 21. Bc2 Nb7 22. Be7 Re8 23. Kf1 Kf7 24. Ba3 c5 25. b3 a5 26. Bc1 c4 27. Rd1
b4 28. Bd2 d4 29. cxb4 c3 30. Bf4 Nd5 31. Rxd4 Nxb4 32. Bxh7 Nc5 33. Rc4 Ncd3
34. Bxd3 Nxd3 35. Be3 Nb4 36. Rxc3 Nxa2 37. Rc7+ Kg6 38. Ra7 Rb8 39. Rxa5 Nc3
40. Ra6+ Kh7 41. Rb6 Ra8 42. g3 Ra1+ 43. Kg2 Nd5 44. Re6 Rb1 45. Re5 Nb4 46.
Kf3 Nc2 47. Rb5 Na1 48. b4 Nc2 49. Bc5 Rb3+ 50. Ke4 Ne1 51. Rb7 Nd3 52. Bd4 1-0

[Event "DVM U16 2024"]
[Site "Sebnitz GER"]
[Date "2024.12.27"]
[Round "2"]
[White "Ruddat, Jarne"]
[Black "Haubold, Christian"]
[Result "1-0"]
[Termination "normal"]
[Board "3.2"]
[WhiteElo "1970"]
[BlackElo "2074"]
[WhiteTeam "TSG Oberschöneweide"]
[BlackTeam "USC Magdeburg"]
[PlyCount "83"]
[WhiteFideId "16254236"]
[BlackFideId "16259629"]
[EventCountry "GER"]
[EventRounds "7"]
[EventType "team-swiss"]
[EventDate "2024.12.26"]

1. e4 e5 2. Nf3 Nc6 3. d4 exd4 4. Bc4 Bc5 5. O-O Nf6 6. e5 d5 7. exf6 dxc4 8.
Re1+ Be6 9. Ng5 Qd5 10. Nc3 Qf5 11. Nce4 O-O-O 12. g4 Qe5 13. Nxe6 fxe6 14.
fxg7 Rhg8 15. Bh6 Bb4 16. f4 Qb5 17. Nf6 Bxe1 18. Qxe1 e5 19. Nxg8 Rxg8 20. Qe4
Kb8 21. fxe5 d3 22. Rf1 Qc5+ 23. Qe3 Qd5 24. Rf8+ Nd8 25. e6 Rxg7 26. Bxg7 d2
27. Rf1 d1=Q 28. Rxd1 Qxd1+ 29. Kf2 Qxc2+ 30. Kg3 Qg6 31. e7 Ne6 32. Bf6 Qg8
33. Qd2 Kc8 34. Qd5 c6 35. Qd6 h5 36. h3 hxg4 37. hxg4 c5 38. Be5 Qg6 39. Qb8+
Kd7 40. e8=Q+ Qxe8 41. Qxb7+ Kd8 42. Bf6+ 1-0

[Event "DVM U16 2024"]
[Site "Sebnitz GER"]
[Date "2024.12.27"]
[Round "2"]
[White "Kuhlmann, Nils Magnus"]
[Black "Smith, Tobias"]
[Result "1/2-1/2"]
[Termination "normal"]
[Board "3.3"]
[WhiteElo "1796"]
[BlackElo "2006"]
[WhiteTeam "USC Magdeburg"]
[BlackTeam "TSG Oberschöneweide"]
[PlyCount "93"]
[WhiteFideId "16287177"]
[BlackFideId "16254228"]
[EventCountry "GER"]
[EventRounds "7"]
[EventType "team-swiss"]
[EventDate "2024.12.26"]

1. e4 c5 2. Nf3 e6 3. d4 cxd4 4. Nxd4 Nc6 5. Nc3 a6 6. Be3 Qc7 7. Be2 b5 8. a3
Bb7 9. Nb3 d6 10. f4 Be7 11. Qd2 Nf6 12. Bf3 Nd7 13. Qf2 Na5 14. O-O Nc4 15.
Nd1 Nxe3 16. Nxe3 Rc8 17. c3 Nb6 18. Kh1 Nc4 19. Rad1 Ba8 20. Qe2 O-O 21. Nxc4
Qxc4 22. Nd4 Qxe2 23. Nxe2 Rfd8 24. Nd4 g6 25. Nb3 Rc7 26. Rd3 Rc4 27. Nd2 Rc7
28. Nb3 Ra7 29. Rfd1 a5 30. Nd4 Rb8 31. Nc2 Rc7 32. R3d2 Rc4 33. Rd4 e5 34.
fxe5 dxe5 35. Rd7 Bf8 36. Re1 b4 37. axb4 axb4 38. Ne3 Rcc8 39. c4 Bc6 40. Rd3
Bh6 41. b3 Bxe3 42. Rexe3 Rd8 43. Kg1 Kf8 44. Kf2 Ke7 45. Ke2 Rxd3 46. Rxd3 Rd8
47. Rxd8 1/2-1/2

[Event "DVM U16 2024"]
[Site "Sebnitz GER"]
[Date "2024.12.27"]
[Round "2"]
[White "Sundui, Chinguun"]
[Black "Ziem, Ole"]
[Result "1-0"]
[Termination "normal"]
[Board "3.4"]
[WhiteElo "1945"]
[BlackElo "1630"]
[WhiteTeam "TSG Oberschöneweide"]
[BlackTeam "USC Magdeburg"]
[PlyCount "87"]
[WhiteFideId "4907930"]
[BlackFideId "34624791"]
[EventCountry "GER"]
[EventRounds "7"]
[EventType "team-swiss"]
[EventDate "2024.12.26"]

1. e4 e5 2. Nf3 Nc6 3. Nc3 Nf6 4. d4 exd4 5. Nxd4 Bb4 6. Nxc6 bxc6 7. Bd3 d5 8.
exd5 O-O 9. O-O cxd5 10. Bg5 c6 11. h3 Be6 12. Qf3 Bd6 13. Bf4 Rc8 14. Ne2 c5
15. c3 Re8 16. Ng3 h6 17. Rfd1 Bxf4 18. Qxf4 Qc7 19. Qf3 Red8 20. Rac1 Qb6 21.
Rb1 c4 22. Bf5 Rc6 23. Rd4 Rcd6 24. Qe2 Re8 25. Qd2 Bxf5 26. Nxf5 Rde6 27. Ng3
Qd6 28. Rd1 Qe5 29. b3 cxb3 30. axb3 Qc7 31. c4 Ne4 32. Nxe4 dxe4 33. Qe3 f5
34. Rd7 Qe5 35. R1d5 Qf6 36. Qf4 Rf8 37. Rxa7 Rb6 38. Rdd7 Rxb3 39. Qc7 Rb1+
40. Kh2 Rfb8 41. Rxg7+ Kh8 42. Rh7+ Kg8 43. Qg3+ Kf8 44. Rag7 1-0

[Event "DVM U16 2024"]
[Site "Sebnitz GER"]
[Date "2024.12.27"]
[Round "2"]
[White "Vollbehr, Bjarne"]
[Black "Melestean, Timur"]
[Result "1/2-1/2"]
[Termination "normal"]
[Board "4.1"]
[WhiteElo "2075"]
[BlackElo "2157"]
[WhiteTeam "SK Doppelbauer Kiel 1910"]
[BlackTeam "SK König Plauen"]
[PlyCount "116"]
[WhiteFideId "34606025"]
[BlackFideId "16280385"]
[EventCountry "GER"]
[EventRounds "7"]
[EventType "team-swiss"]
[EventDate "2024.12.26"]

1. Nf3 d5 2. g3 c6 3. Bg2 Nf6 4. O-O Bf5 5. c4 e6 6. Qb3 Qb6 7. Nc3 Nbd7 8. d3
Be7 9. cxd5 exd5 10. e4 Qxb3 11. axb3 dxe4 12. Nd4 Bg6 13. dxe4 O-O 14. h3 Bc5
15. Nc2 Rfe8 16. b4 Bb6 17. Rd1 Nf8 18. Re1 N8d7 19. Bf4 h6 20. Na3 Bd4 21.
Rad1 Bxc3 22. bxc3 Nb6 23. f3 Rad8 24. Kf2 Rxd1 25. Rxd1 Re7 26. Bf1 Rd7 27.
Rc1 Rd8 28. c4 c5 29. bxc5 Na4 30. Be3 Rc8 31. Nb5 Nd7 32. Nxa7 Rc7 33. Nb5 Rc6
34. Nc3 Nxc3 35. Rxc3 Nxc5 36. Rc1 f6 37. Rb1 Bf7 38. Ke1 Na6 39. Rc1 Nc5 40.
Ra1 Nd7 41. Ra7 Ne5 42. c5 Nxf3+ 43. Kf2 Ng5 44. Bg2 Bg6 45. Ra4 Rc7 46. Bxg5
hxg5 47. Ra7 Rxc5 48. Rxb7 Rc2+ 49. Kf1 Bh5 50. g4 Bg6 51. Rb4 Rc5 52. Ra4 Rb5
53. Kf2 Rb2+ 54. Kg3 Rb3+ 55. Kf2 Rc3 56. Rb4 Ra3 57. Rc4 Be8 58. Rc5 Ra2+
1/2-1/2

[Event "DVM U16 2024"]
[Site "Sebnitz GER"]
[Date "2024.12.27"]
[Round "2"]
[White "Melestean, Maxim"]
[Black "Bräutigam, Alexander"]
[Result "1-0"]
[Termination "normal"]
[Board "4.2"]
[WhiteElo "1962"]
[BlackElo "2054"]
[WhiteTeam "SK König Plauen"]
[BlackTeam "SK Doppelbauer Kiel 1910"]
[PlyCount "65"]
[WhiteFideId "16280393"]
[BlackFideId "16245210"]
[EventCountry "GER"]
[EventRounds "7"]
[EventType "team-swiss"]
[EventDate "2024.12.26"]

1. d4 Nf6 2. c4 e6 3. Nf3 c5 4. Nc3 cxd4 5. Nxd4 Nc6 6. g3 Bb4 7. Bg2 d5 8. O-O
O-O 9. Bf4 a6 10. Rc1 Qb6 11. Nxc6 bxc6 12. Na4 Qb7 13. Qd4 Nh5 14. Be3 Qe7 15.
cxd5 cxd5 16. Nb6 Rb8 17. Qe5 Qd6 18. Qxh5 Rxb6 19. a3 Rb5 20. Bf4 e5 21. Bxe5
Qe6 22. axb4 d4 23. f4 f6 24. Bc6 Rb6 25. Qf3 Rxc6 26. Rxc6 Qd7 27. Rc7 Qd8 28.
Rfc1 Bf5 29. g4 Be6 30. Qc6 Bd5 31. Qd7 Qxd7 32. Rxd7 Be6 33. Re7 1-0

[Event "DVM U16 2024"]
[Site "Sebnitz GER"]
[Date "2024.12.27"]
[Round "2"]
[White "Bräutigam, Katerina"]
[Black "Akladius, Kyrillus"]
[Result "1-0"]
[Termination "normal"]
[Board "4.3"]
[WhiteTitle "WFM"]
[WhiteElo "1947"]
[BlackElo "1659"]
[WhiteTeam "SK Doppelbauer Kiel 1910"]
[BlackTeam "SK König Plauen"]
[PlyCount "85"]
[WhiteFideId "16242980"]
[BlackFideId "16267036"]
[EventCountry "GER"]
[EventRounds "7"]
[EventType "team-swiss"]
[EventDate "2024.12.26"]

1. e4 c5 2. b3 Nc6 3. Bb2 d6 4. Nc3 Nf6 5. Bb5 Bd7 6. d3 e6 7. Nge2 Be7 8. O-O
Qc7 9. d4 cxd4 10. Nxd4 a6 11. Nxc6 bxc6 12. Bd3 d5 13. Qe2 d4 14. Nd1 e5 15.
Bxa6 Nxe4 16. Bd3 Nc5 17. Re1 Nxd3 18. cxd3 f6 19. Bxd4 O-O 20. Bb2 Qb6 21. d4
Bb4 22. Qc4+ Kh8 23. Re3 exd4 24. Bxd4 c5 25. Bc3 Bb5 26. Qg4 Qd6 27. Bxb4 cxb4
28. Re4 Rad8 29. Ne3 Qd2 30. Rd1 Qxa2 31. h3 Be2 32. Rxd8 Rxd8 33. Qe6 Bh5 34.
Qe7 Qa8 35. Rxb4 Re8 36. Qc5 Bf7 37. Qc7 Bg6 38. Rb7 Qa1+ 39. Kh2 f5 40. Rb8
Qf6 41. Rxe8+ Bxe8 42. Qb8 Qf7 43. Nc4 1-0

[Event "DVM U16 2024"]
[Site "Sebnitz GER"]
[Date "2024.12.27"]
[Round "2"]
[White "Rühmer, Nico"]
[Black "Farokhi, Darian"]
[Result "0-1"]
[Termination "normal"]
[Board "4.4"]
[WhiteElo "1626"]
[BlackElo "1858"]
[WhiteTeam "SK König Plauen"]
[BlackTeam "SK Doppelbauer Kiel 1910"]
[PlyCount "42"]
[WhiteFideId "34640339"]
[BlackFideId "16253108"]
[EventCountry "GER"]
[EventRounds "7"]
[EventType "team-swiss"]
[EventDate "2024.12.26"]

1. e4 e5 2. Nf3 Nc6 3. Bc4 Nf6 4. Ng5 d5 5. exd5 Na5 6. Bb5+ c6 7. dxc6 bxc6 8.
Be2 h6 9. Nf3 e4 10. Ne5 Bc5 11. c3 Bd6 12. d4 exd3 13. Nxd3 Bf5 14. Be3 O-O
15. Na3 Bxa3 16. bxa3 Nc4 17. Bc5 Re8 18. Nf4 g5 19. Qa4 Qd2+ 20. Kf1 gxf4 21.
Qxc4 Rxe2 0-1

[Event "DVM U16 2024"]
[Site "Sebnitz GER"]
[Date "2024.12.27"]
[Round "2"]
[White "Rogalski, Niclas"]
[Black "Trunz, Tamila"]
[Result "0-1"]
[Termination "normal"]
[Board "5.3"]
[WhiteElo "1666"]
[BlackElo "1940"]
[WhiteTeam "SK Blauer Springer Paderborn 1926"]
[BlackTeam "SG Porz"]
[PlyCount "82"]
[WhiteFideId "34640320"]
[BlackFideId "16267885"]
[EventCountry "GER"]
[EventRounds "7"]
[EventType "team-swiss"]
[EventDate "2024.12.26"]

1. e4 c5 2. d4 cxd4 3. c3 dxc3 4. Nxc3 Nc6 5. Nf3 e6 6. Bc4 d6 7. O-O Be7 8.
Qe2 e5 9. Rd1 Nf6 10. Bb5 Bd7 11. Be3 O-O 12. Rac1 a6 13. Bxc6 bxc6 14. h3 Qb8
15. Qd3 Be6 16. Ng5 d5 17. Nxe6 fxe6 18. Bg5 Qb6 19. Bxf6 Rxf6 20. Rc2 Raf8 21.
Rf1 Rf4 22. exd5 cxd5 23. Nd1 e4 24. Qb3 Qxb3 25. axb3 d4 26. g3 Rf3 27. Re1 e3
28. Nxe3 dxe3 29. Rxe3 Rxe3 30. fxe3 Rf3 31. Rc6 Rxe3 32. Kf2 Rxb3 33. Rxa6
Bc5+ 34. Kg2 Kf7 35. Rc6 Rxb2+ 36. Kf3 Bd4 37. Ke4 Bf6 38. g4 Rh2 39. Rc7+ Kg6
40. Rc6 Rxh3 41. Rxe6 Kg5 0-1

[Event "DVM U16 2024"]
[Site "Sebnitz GER"]
[Date "2024.12.27"]
[Round "2"]
[White "Aravindan, Midhulan"]
[Black "Wolek, Lukas"]
[Result "0-1"]
[Termination "normal"]
[Board "5.4"]
[WhiteElo "1887"]
[BlackElo "1626"]
[WhiteTeam "SG Porz"]
[BlackTeam "SK Blauer Springer Paderborn 1926"]
[PlyCount "24"]
[WhiteFideId "16237250"]
[BlackFideId "34689796"]
[EventCountry "GER"]
[EventRounds "7"]
[EventType "team-swiss"]
[EventDate "2024.12.26"]

1. e4 e5 2. Nf3 Nc6 3. Bc4 Nf6 4. d3 Bc5 5. c3 d6 6. Bb3 h6 7. Nbd2 a5 8. a4
Be6 9. Bc2 Ba7 10. Nf1 d5 11. Qe2 d4 12. Ng3 Qd

[Event "DVM U16 2024"]
[Site "Sebnitz GER"]
[Date "2024.12.27"]
[Round "2"]
[White "Korchynskyi, Mykola"]
[Black "Malchereck, Romeo"]
[Result "1-0"]
[Termination "normal"]
[Board "6.1"]
[WhiteTitle "FM"]
[WhiteElo "2284"]
[BlackElo "1775"]
[WhiteTeam "SF Essen-Katernberg 04/32"]
[BlackTeam "Hamburger SK 1830"]
[PlyCount "79"]
[WhiteFideId "34138005"]
[BlackFideId "16265831"]
[EventCountry "GER"]
[EventRounds "7"]
[EventType "team-swiss"]
[EventDate "2024.12.26"]

1. d4 Nf6 2. c4 e6 3. Nf3 d5 4. Nc3 b6 5. Bf4 Bd6 6. Bxd6 Qxd6 7. e3 O-O 8.
cxd5 exd5 9. Bd3 a6 10. O-O Bb7 11. Rc1 Nbd7 12. Qc2 c5 13. dxc5 Nxc5 14. Rfd1
Nxd3 15. Qxd3 Qe7 16. Na4 b5 17. Nc5 Rfd8 18. Nd4 g6 19. Ndb3 Ne4 20. Qd4 Nxc5
21. Nxc5 Rac8 22. b4 f5 23. Qf4 Rc6 24. Rd4 Bc8 25. Rcd1 Rcd6 26. h4 Kg7 27.
Qg3 h6 28. e4 fxe4 29. Nxe4 Re6 30. Qc3 Kh7 31. Nc5 Re5 32. Nd3 Re4 33. Nf4 Qe5
34. g3 Bg4 35. Qc5 Rxd4 36. Rxd4 Bf3 37. Kh2 Qd6 38. Qc3 Qe5 39. Qxf3 Qxd4 40.
Ne6 {Partie ab hier nicht mehr nachvollziehbar} 1-0

[Event "DVM U16 2024"]
[Site "Sebnitz GER"]
[Date "2024.12.27"]
[Round "2"]
[White "Kellner, Anton"]
[Black "Goldkuhle, Collin"]
[Result "1/2-1/2"]
[Termination "normal"]
[Board "6.2"]
[WhiteElo "1788"]
[BlackElo "1970"]
[WhiteTeam "Hamburger SK 1830"]
[BlackTeam "SF Essen-Katernberg 04/32"]
[PlyCount "249"]
[WhiteFideId "16293185"]
[BlackFideId "16271106"]
[EventCountry "GER"]
[EventRounds "7"]
[EventType "team-swiss"]
[EventDate "2024.12.26"]

1. d4 Nf6 2. c4 e6 3. Nf3 d5 4. Nc3 Bb4 5. Bg5 h6 6. Bh4 O-O 7. cxd5 exd5 8. a3
Bxc3+ 9. bxc3 Qd6 10. Bxf6 Qxf6 11. e3 Qc6 12. Qc2 Bf5 13. Bd3 Bxd3 14. Qxd3
Nd7 15. O-O Qe6 16. Rfc1 c6 17. c4 Rfe8 18. cxd5 Qxd5 19. Rab1 b5 20. Qb3 Qd6
21. Rc3 a6 22. Rbc1 Rac8 23. Qb4 Qd5 24. Qa5 c5 25. Qxa6 c4 26. a4 bxa4 27.
Qxa4 Nb6 28. Qa7 Qe6 29. Qa6 Ra8 30. Qb5 Rec8 31. h3 Rab8 32. Qe5 Qd7 33. Nd2
Re8 34. Qh5 Qe6 35. Nxc4 Nd5 36. R3c2 Nb4 37. Rd2 Rec8 38. Qe2 Nd5 39. Qf1 Qg6
40. Na3 Re8 41. Qd3 Qe6 42. Rb1 Rbd8 43. Nc4 Nf6 44. Nb6 Ne4 45. Rdb2 Qf6 46.
Na4 Qc6 47. Qb5 Qg6 48. Qb6 Qf5 49. Nc5 Nf6 50. Qc6 Rc8 51. Qf3 Qh7 52. Rb7 Qc2
53. e4 Rf8 54. e5 Nh7 55. Qb3 Qd2 56. Qb4 Qe2 57. Qb5 Qh5 58. Qd7 Rcd8 59. Qa4
Ng5 60. Qb3 Rxd4 61. e6 Nxh3+ 62. gxh3 Qxc5 63. exf7+ Kh7 64. Rb5 Qc6 65. Rb6
Qe4 66. Qa3 Rxf7 67. Qb3 Rf3 68. Qe6 Qxe6 69. Rxe6 Rxh3 70. Rb7 Rg4+ 71. Kf1
Rh2 72. Rf7 Rhh4 73. Re3 Rf4 74. Rxf4 Rxf4 75. Kg2 h5 76. f3 g6 77. Kg3 Rc4 78.
Re7+ Kh6 79. f4 Rc3+ 80. Kg2 h4 81. Rf7 Kh5 82. Rf6 Rd3 83. Re6 Rd5 84. Rf6 Rc5
85. Kh2 Rb5 86. Kg2 Ra5 87. Kh2 Rd5 88. Kg2 Rc5 89. Kh2 Rb5 90. Kg2 Ra5 91. Kh2
Kh6 92. Kh3 Kg7 93. Rd6 Rh5 94. Rc6 Kf7 95. Rb6 Kg7 96. Rc6 Kh7 97. Rb6 Kh6 98.
Rc6 Rf5 99. Kxh4 Rxf4+ 100. Kg3 Rb4 101. Ra6 Kh5 102. Ra8 Rb3+ 103. Kg2 g5 104.
Ra4 g4 105. Ra8 Rb2+ 106. Kg3 Rb3+ 107. Kg2 Rb5 108. Rh8+ Kg5 109. Rg8+ Kf4
110. Rf8+ Rf5 111. Rxf5+ Kxf5 112. Kg3 Kg5 113. Kg2 Kg6 114. Kg3 Kh5 115. Kg2
Kh4 116. Kh2 Kh5 117. Kg3 Kg5 118. Kg2 Kf4 119. Kf2 g3+ 120. Kg2 Kg4 121. Kg1
Kh5 122. Kg2 Kh4 123. Kg1 Kg4 124. Kg2 Kf4 125. Kg1 1/2-1/2

[Event "DVM U16 2024"]
[Site "Sebnitz GER"]
[Date "2024.12.27"]
[Round "2"]
[White "Berresheim, Nils"]
[Black "Wartenberg, Alissa"]
[Result "1-0"]
[Termination "normal"]
[Board "6.3"]
[WhiteElo "1893"]
[BlackElo "1830"]
[WhiteTeam "SF Essen-Katernberg 04/32"]
[BlackTeam "Hamburger SK 1830"]
[PlyCount "49"]
[WhiteFideId "16246306"]
[BlackFideId "16280741"]
[EventCountry "GER"]
[EventRounds "7"]
[EventType "team-swiss"]
[EventDate "2024.12.26"]

1. d4 Nf6 2. c4 e6 3. g3 c6 4. Bg2 d5 5. Nf3 b6 6. O-O Bd6 7. Qc2 O-O 8. Nc3
Ba6 9. cxd5 cxd5 10. Re1 Qd7 11. e4 Bb4 12. e5 Ne4 13. Nxe4 Bxe1 14. Neg5 Bxf2+
15. Kxf2 g6 16. Qd2 f6 17. exf6 Rxf6 18. Qe3 Nc6 19. Bh3 Re8 20. Kg1 Nb4 21.
Qc3 Qb5 22. Qc7 Qe2 23. Bf4 Rxf4 24. gxf4 Qe3+ 25. Kh1 1-0